Slovenia municipalities - Statistics

General Stats
  • This quiz has been taken 10 times
  • The average score is 65 of 212
Answer Stats
Answer % Correct
Izola
86%
Koper
86%
Postojna
86%
Sezana
86%
Ankaran
71%
Celje
71%
Cerknica
71%
Idrija
71%
Jesenice
71%
Kranj
71%
Krsko
71%
Lendava
71%
Ljubljana
71%
Maribor
71%
Murska Sobota
71%
Pivka
71%
Velenje
71%
Ajdovscina
57%
Bled
57%
Bohinj
57%
Crna na Koroskem
57%
Divaca
57%
Dolenjske Toplice
57%
Domzale
57%
Dravograd
57%
Ilirska Bistrica
57%
Kobarid
57%
Kocevje
57%
Kranjska Gora
57%
Litija
57%
Logatec
57%
Medvode
57%
Metlika
57%
Nova Gorica
57%
Novo Mesto
57%
Piran
57%
Podcetrtek
57%
Poljcane
57%
Ptuj
57%
Sevnica
57%
Slovenj Gradec
57%
Trbovlje
57%
Vrhnika
57%
Zuzemberk
57%
Apace
43%
Brezice
43%
Brezovica
43%
Cirkulane
43%
Crnomelj
43%
Dol pri Ljubljani
43%
Gorje
43%
Gornji Grad
43%
Grosuplje
43%
Hrastnik
43%
Ivancna Gorica
43%
Kamnik
43%
Lasko
43%
Mirna
43%
Mirna Pec
43%
Ribnica
43%
Rogaska Slatina
43%
Ruse
43%
Sentjur
43%
Skofja Loka
43%
Skofljica
43%
Slovenska Bistrica
43%
Slovenske Konjice
43%
Sostanj
43%
Store
43%
Trebnje
43%
Trzic
43%
Vipava
43%
Vodice
43%
Zetale
43%
Ziri
43%
Beltinci
29%
Benedikt
29%
Bloke
29%
Borovnica
29%
Bovec
29%
Braslovce
29%
Brda
29%
Dobrepolje
29%
Dobrna
29%
Dobrova Polhov Gradec
29%
Dornava
29%
Gornja Radgona
29%
Horjul
29%
Jezersko
29%
Kanal
29%
Kozje
29%
Lenart
29%
Ljubno
29%
Log Dragomer
29%
Loski Potok
29%
Lovrenc na Pohorju
29%
Majsperk
29%
Makole
29%
Menges
29%
Mezica
29%
Mozirje
29%
Ormoz
29%
Osilnica
29%
Polzela
29%
Preddvor
29%
Radovljica
29%
Recica ob Savinji
29%
Ribnica na Pohorju
29%
Rogatec
29%
Semic
29%
Sentilj
29%
Smarje pri Jelsah
29%
Smarjeske Toplice
29%
Solcava
29%
Sveta Ana
29%
Tolmin
29%
Videm
29%
Vitanje
29%
Vransko
29%
Vuzenica
29%
Zalec
29%
Zavrc
29%
Zrece
29%
Cankova
14%
Cerklje na Gorenjskem
14%
Cerkno
14%
Cerkvenjak
14%
Crensovci
14%
Dobje
14%
Dobrovnik
14%
Duplek
14%
Gorenja Vas Poljane
14%
Gorisnica
14%
Gornji Petrovci
14%
Grad
14%
Hajdina
14%
Hoce Slivnica
14%
Hodos
14%
Hrpelje Kozina
14%
Ig
14%
Jursinci
14%
Kidricevo
14%
Kobilje
14%
Komen
14%
Komenda
14%
Kostanjevica na Krki
14%
Kostel
14%
Krizevci
14%
Kungota
14%
Kuzma
14%
Ljutomer
14%
Loska Dolina
14%
Luce
14%
Lukovica
14%
Miklavz na Dravskem Polju
14%
Mislinja
14%
Muta
14%
Nazarje
14%
Odranci
14%
Oplotnica
14%
Pesnica
14%
Podlehnik
14%
Podvelka
14%
Prebold
14%
Prevalje
14%
Race Fram
14%
Radece
14%
Radenci
14%
Radlje ob Dravi
14%
Ravne na Koroskem
14%
Selnica ob Dravi
14%
Sencur
14%
Sentjernej
14%
Sentrupert
14%
Skocjan
14%
Smartno pri Litiji
14%
Sodrazica
14%
Starse
14%
Straza
14%
Sveti Tomaz
14%
Tabor
14%
Tisina
14%
Trnovska Vas
14%
Velika Polana
14%
Velike Lasce
14%
Verzej
14%
Vojnik
14%
Zagorje ob Savi
14%
Zelezniki
14%
Zirovnica
14%
Bistrica ob Sotli
0%
Destrnik
0%
Markovci
0%
Miren Kostanjevica
0%
Mokronog Trebelno
0%
Moravce
0%
Moravske Toplice
0%
Naklo
0%
Puconci
0%
Razkrizje
0%
Rence Vogrsko
0%
Rogasovci
0%
Salovci
0%
Sempeter rtojba
0%
Smartno ob Paki
0%
Sredisce ob Dravi
0%
Sveta Trojica v Slovenskih Goricah
0%
Sveti Andraz v Slovenskih Goricah
0%
Sveti Jurij ob Scavnici
0%
Sveti Jurij v Slovenskih Goricah
0%
Trzin
0%
Turnisce
0%
No matching quizzes found
Score Distribution
Percent of People with Each Score
Percentile by Number Answered
Your Score History
You have not taken this quiz